书目信息 |
| 题名: |
模具设计与制造
|
|
| 作者: | 张荣清 主编 | |
| 分册: | ||
| 出版信息: | 北京 高等教育出版社 2003.08 |
|
| 页数: | 309页 | |
| 开本: | 20cm | |
| 丛书名: | ||
| 单 册: | ||
| 中图分类: | TG76 | |
| 科图分类: | ||
| 主题词: | 模具 | |
| 电子资源: | ||
| ISBN: | 978-7-04-012552-8 | |
| 000 | 00582nam0 2200217 45 | |
| 001 | 0958540086 | |
| 005 | 20091020161718.57 | |
| 010 | @a978-7-04-012552-8@dCNY24.80 | |
| 100 | @a20090515d2003 ekmy0 y0120 ea | |
| 102 | @aCN@b130000 | |
| 102 | @aCN@b110000 | |
| 105 | @ay z 000yy | |
| 200 | 1 | @a模具设计与制造@f张荣清主编@Fzhang rong qing zhu bian |
| 210 | @a北京@c高等教育出版社@d2003.08 | |
| 215 | @a309页@d20cm | |
| 606 | 0 | @a模具 |
| 690 | @aTG76@v4 | |
| 701 | 0 | @a张荣清@Azhang rong qing@4主编 |
| 801 | 0 | @aCN@c20091020 |
| 905 | @a10447@dTG76@eZ150 | |
| 906 | @d25@n3@r1 | |
| 模具设计与制造/张荣清主编.-北京:高等教育出版社,2003.08 |
| 309页;20cm |
| ISBN 978-7-04-012552-8:CNY24.80 |
| ● |
| 相关链接 |
|
|
|
正题名:模具设计与制造
索取号:TG76/Z150
 
预约/预借
| 序号 | 登录号 | 条形码 | 馆藏地/架位号 | 状态 | 备注 |
| 1 | 892773 | 208927731 | 自科库501/501自科库 29排2列5层/ [索取号:TG76/Z150] | 在馆 | |
| 2 | 892774 | 208927740 | 自科库501/501自科库 29排2列5层/ [索取号:TG76/Z150] | 在馆 | |
| 3 | 892775 | 208927759 | 自科库501/501自科库 29排2列5层/ [索取号:TG76/Z150] | 在馆 |